000 00541cam a2200181 4500
001 D1405
008 090401t1985 xxu||||| |||| 00| 0 eng d
035 _a(Sirsi) u63870
041 _aeng
050 _a711.552
110 _aBernard Thorpe and Partners
_92958
245 _aRetail warehouse parks: an approach to planned development: a study of their trading features and planning issues
260 _aLondon
_bBernard Thorpe and Partners
_c1985
300 _a61. 32. 7p. ill. 30cm
350 _a25
942 _n0
948 _c04/03/1997
999 _c94616
_d94616